| Registos Bibliográficos associados ao registo de autoridade |
|
Etiqueta de registo: 00254nkm 2200109 450 001 1918719 003 http://id.bnportugal.gov.pt/bib/catbnp/1918719 100 ## $a20151229d1981 am y0pory0103 ba 101 0# $apor 102 ## $aPT 200 1# $aÉvora - Carnaval 82$bVisual gráfico]$ecorso de carros alegóricos$f[design] Costa Araújo 81 210 #9 $a[Évora$cs.n.],$d1981 215 ## $a1 cartaz$ccolor.$d80x60 cm 317 ## $aColeção Madeira Luís 330 ## $aEm 1º plano, palhaço carnavalesco 675 ## $a394.2(469.512)"1982"(084.5)$vBN$zpor$31192039 675 ## $a766(=1:469)"198"(084.5)$vBN$zpor$31302430 702 #1 $aAraújo,$bCosta$4410$353722 710 12 $aCorso Carnavalesco,$eÉvora,$f1982$31634779 801 #0 $aPT$bBN$gRPC 966 ## $lBN$mICONOG$pFrancisco Madeira Luís$sCT. 5700 R.$x3 997 ## $aBIBEOD
Etiqueta de registo: 00000nam 2200025 450 001 1955712 003 http://id.bnportugal.gov.pt/bib/catbnp/1955712 010 ## $a978-989-99523-4-8 021 ## $aPT$b415579/16 100 ## $a20170208d2016 m y0pory01030103ba 101 0# $apor 102 ## $aPT 105 ## $aa z 000gy 106 ## $ar 200 1# $aCalemas$fJosé Carlos Moutinho$gpref. Cristina Fernandes$gil. Costa Araújo 205 ## $a1ª ed 210 #9 $aEspinho$cGrupo Criador,$d2016 215 ## $a131 p.$cil.$d24 cm 675 ## $a821.134.3-1"20"$vBN$zpor$31023893 700 #1 $aMoutinho,$bJosé Carlos,$f1944-$31597243 702 #1 $97$aFernandes,$bCristina$4080$31671499 702 #1 $aAraújo,$bCosta$4440$353722 801 #0 $aPT$bBN$gRPC 856 41 $uhttp://rnod.bnportugal.gov.pt/ImagesBN/winlibimg.aspx?skey=&doc=1955712&img=90412&save=true 900 ## $aBIBNAC$d20170308 966 ## $lBN$mFGMON$sL. 139302 V.$x1 966 ## $lBN$mFGMON$sL. 139302 V.-D$x1
Etiqueta de registo: 00962ckm 2200277 450 001 335325 003 http://id.bnportugal.gov.pt/bib/catbnp/335325 005 19981229000000.0 095 ## $aPTBN00352426 100 ## $a19920325d1991 a d0pory0103 ba 101 0# $apor 102 ## $aPT 200 1# $aAgarra o futuro -$bVisual gráfico]$fEscola Profissional da Região Alentejo$g[design] Costa Araújo 210 #9 $aÉvora$cEPRAL,$d1991 215 ## $a1 cartaz$ccolor.$d66x47 cm 601 02 $aEscola Profissional da Região Alentejo$x[Cartazes]$2SIPOR$357979 675 ## $a371.6(469.5)(084.5)$vBN$zpor$3481007 675 ## $a377(084.5)$vBN$zpor$3342730 675 ## $a766(=1:469)"199"(084.5)$vBN$zpor$3589138 702 #1 $aAraújo,$bCosta$4410$353722 710 02 $aEscola Profissional da Região Alentejo$353725 801 #0 $aPT$bBN$gRPC 856 40 $uhttps://purl.pt/17760 856 41 $uhttps://purl.pt/17760/service/media/cover/low 958 ## $aBND$bInterno$cDigitalizado 966 ## $lBN$mICONOG$sCT. 6763 A.$x1
Etiqueta de registo: 00254nkm 2200109 450 001 1865836 003 http://id.bnportugal.gov.pt/bib/catbnp/1865836 100 ## $a20140303d1983 am y0pory0103 ba 101 0# $apor 102 ## $aPT 200 1# $aÉvora, Natal 83 $bVisual gráfico]$eofereça nesta quadra artesanato alentejano$fInstituto do Emprego e Formação Profissional$g[design] Costa Araújo 210 #9 $aÉvora$cEborim,$d1983$eÉvora:$gDiana Litográfica) 215 ## $a1 cartaz$ccolor.$d64,5x45,5 cm 317 ## $aColeção Madeira Luís$5PTBN: CT. 12419 A. 675 ## $a398.3(469.512)"1983"(084.5)$vBN$zpor$31565641 675 ## $a766(=1:469)"198"(084.5)$vBN$zpor$31302430 702 #1 $aAraújo,$bCosta$4410$353722 710 01 $aPortugal.$bInstituto do Emprego e Formação Profissional$329156 801 #0 $aPT$bBN$gRPC 966 ## $lBN$mICONOG$pFrancisco Madeira Luís$sCT. 12419 A.$x3 997 ## $aBIBEOD
Etiqueta de registo: 00254nkm 2200109 450 001 2108028 003 http://id.bnportugal.gov.pt/bib/catbnp/2108028 100 ## $a20220812d1986 am y0pory01030103ba 101 0# $apor$ffre$feng 102 ## $aPT 200 1# $aA técnica aliada à agropecuária$bVisual gráfico]$fFialho & Irmão - Fábrica de Máquinas Agricolas$g[design] Costa Araújo 210 #9 $aHorta de Barreiros$cFialho & Irmão,$d[D.L. 1986]$eÉvora :$gDiana-Litográfica do Alentejo) 215 ## $a1 cartaz$ccolor.$d29,5x21 cm 303 ## $aNo verso menciona a lista de fabricação de equipamentos concebidos para a agricultura
em português, francês e inglês 330 ## $aReprodução de desenho alusivo à atividade agropecuária 675 ## $a339.3(469.512)"198"(084.5)$vBN$zpor$31856218 675 ## $a63(469.512)(084.5)$vBN$zpor$31856197 675 ## $a766(=1:469)"198"(084.5)$vBN$zpor$31302430 702 #1 $aAraújo,$bCosta$4410$353722 710 02 $aFialho & Irmão$31856198 801 #0 $aPT$bBN$gRPC 966 ## $lBN$mICONOG$sCT. 3697 P.$x1 971 ## $cfpinelo$d20220822
Etiqueta de registo: 00000nkm 2200025 450 001 2280487 003 http://id.bnportugal.gov.pt/bib/catbnp/2280487 100 ## $a20260316d1985 m y0pory01030103ba 101 0# $apor 102 ## $aPT 200 1# $aEncontro Nacional de Grupos Corais Juvenis, Teatro Garcia de Resende, Évora, 28-29
set. 85$bVisual gráfico]$fDelegação da FAOJ, Casa da Cultura da Juventude de Évora$gCosta Araujo 85 210 #9 $aÉvora$cDelegação da FAOJ$cCasa da Cultura da Juventude de Évora,$d1985$eVila Viçosa :$gGráfica Vila Viçosa) 215 ## $a1 cartaz$ccolor.$d61,4x44,4 cm 317 ## $aColeção Madeira Luís 702 #1 $aAraújo,$bCosta$4440$353722 710 02 $aEncontro Nacional de Grupos Corais Juvenis,$d1,$eÉvora,$f1985$31991520 712 01 $aPortugal.$bFundo de Apoio aos Organismos Juvenis.$bDelegação Regional de Évora$4557$31557156 712 01 $aCasa da Cultura da Juventude de Évora$4557$31984279 801 #0 $aPT$bBN$gRPC 966 ## $lBN$mICONOG$sCT. 24917 A.$x3 971 ## $cCaticonografia5$d20260316 995 ## $aPRR2026
Etiqueta de registo: 00254nam 2200025 450 001 2285210 003 http://id.bnportugal.gov.pt/bib/catbnp/2285210 021 ## $aPT$b546186/25 100 ## $a20260424d2025 m y0pory01030103ba 101 0# $apor 102 ## $aPT 105 ## $aa z 000yy 106 ## $ar 200 1# $aPor caminhos da memória$fLuís de Matos$gpref. Rui Arimateia$gdes. Costa Araújo, João de Matos, Sandra de Matos$gfot. Feliz Grilo... [et al.] 205 ## $a1ª ed 210 #9 $a[S.l.]$cLuís de Matos,$d2025 215 ## $a334, [1] p.$cil.$d24 cm 700 #1 $aMatos,$bLuís de,$f1944-$31461386 702 #1 $aArimateia,$bRui,$f1958-$4080$3287334 702 #1 $aAraújo,$bCosta$4440$353722 702 #1 $95$aMatos,$bJoão de$4440$31996861 702 #1 $aMatos,$bSandra de$4440$31507801 702 #1 $aGrilo,$bFeliz$4600$31996862 801 #0 $aPT$bBN$gRPC 966 ## $lBN$mFGMON$x1 966 ## $lBN$mFGMON$x1 971 ## $cssilva$d20260424
|
|
|